Accounting Standards Board (Record no. 120768)

MARC details
000 -LEADER
fixed length control field 00925cai a22001815a 4500
001 - CONTROL NUMBER
control field E146806
008 - FIXED-LENGTH DATA ELEMENTS--GENERAL INFORMATION
fixed length control field 090302u xxk g 000 0 eng d
035 ## - SYSTEM CONTROL NUMBER
System control number (Sirsi) u146806
041 0# - LANGUAGE CODE
Language code of text/sound track or separate title eng
110 2# - MAIN ENTRY--CORPORATE NAME
Corporate name or jurisdiction name as entry element Accounting Standards Board
9 (RLIN) 3454
245 00 - TITLE STATEMENT
Title Accounting Standards Board
Medium [electronic resource]
520 ## - SUMMARY, ETC.
Summary, etc. Website for the Accounting Standards Board (ASB), which is part of the Financial Reporting Council. Provides access to ASB Accounting Standards, discussion papers, exposure drafts, Statement of Standard Accounting Practice and ASB responses to external consultations. Also provides general information on the role of the ASB and its remit.
590 ## - LOCAL NOTE (RLIN)
Local note KA
651 #4 - SUBJECT ADDED ENTRY--GEOGRAPHIC NAME
Geographic name United Kingdom
Chronological subdivision 1973-
690 ## - LOCAL SUBJECT ADDED ENTRY--TOPICAL TERM (OCLC, RLIN)
Topical term or geographic name as entry element MANAGEMENT-BUSINESS MANAGEMENT-FINANCIAL MANAGEMENT-ACCOUNTING-FINANCIAL REPORTING
856 40 - ELECTRONIC LOCATION AND ACCESS
Uniform Resource Identifier <a href="https://www.frc.org.uk/asb/">https://www.frc.org.uk/asb/</a>
Public note View the website free of charge at www.frc.org.uk/asb...
942 ## - ADDED ENTRY ELEMENTS (KOHA)
Suppress in OPAC 0
Holdings
Withdrawn status Lost status Source of classification or shelving scheme Damaged status Not for loan Home library Current library Shelving location Date acquired Total Checkouts Full call number Barcode Date last seen Copy number Price effective from Koha item type
    Dewey Decimal Classification     Virtual Virtual Online 02/03/2009   WEBSITE 146806-2001 06/08/2019 1 06/08/2019 Online material